استكشاف الأرض والكون : (Record no. 16245)

MARC details
000 -الفاتح
حقل البيانات ثابتة الطول 01712nam a22003737i 4500
003 - محدد رقم الضبط
رقم الضبط EG-ScBUE
005 - وقت وتاريخ اخر تعامل مع التسجيلة
رقم الضبط 20260503103202.0
008 - عناصر البيانات ثابتة الطول - معلومات عامة
حقل البيانات ثابتة الطول 111122s2003 ua| frb 00| 0 ara dd
017 ## - رقم الإيداع القانونى
رقم الإيداع القانونى 2003 / 7359
040 ## - مصدر الفهرسة
وكالة الفهرسة الأصلية EG-ScBUE
لغة الفهرسة ara
قواعد الوصف rda
وكالة النسخ EG-ScBUE
وكالة التعديل EG-ScBUE
041 1# - رمز اللغة
رمز لغة النص/ المسارات الصوتية أو العنوان الانفرادي ara
رمز لغة الترجمات و/او الاصلية المتوسطة للنص eng
082 04 - رقم تصنيف ديوى العشرى
رقم التصنيف 550
رقم المادة ع ظ ي
رقم الطبعة 22
100 1# - المدخل الرئيسى - إسم شخصى
9 (RLIN) 27836
الإسم الشخصى عظيموف، إسحاق،
الدور مؤلف.
240 10 - العنوان الموحد
عنوان موحد Exploring the Earth and Cosmos.
لغة العمل Arabic
245 10 - بيان العنوان
العنوان استكشاف الأرض والكون :
بقية العنوان تطور المعرفة الإنسانية ومستقبلها /
بيان المسئوليه,etc تأليف : إسحاق عظيموف ؛ ترجمة وتعليق : هاشم أحمد محمد ؛ مراجعة وتقديم : عبد الرحمن عبد الله الشيخ.
246 34 - العنوان الموازى
عنوان صحيح/عنوان مختصر استكشاف الأرض والكون
250 ## - بيان الطبعة
بيان الطبعة الطبعة الأولى.
264 #1 - النشر، التوزيع
مكان الناشر او الموزع القاهرة :
اسم الناشر او الموزع المجلس الأعلى للثقافة،
تاريخ النشر أو التوزيع 2003.
300 ## - الوصف المادى
التعداد 501 صفحة ؛
أبعاد الوعاء 24 سم.
336 ## - نوع المحتوى
source rdacontent
Carrier Type Term نص
Content Type Code txt
337 ## - نوع الوسيط
Media Type Term بدون وسيط
source rdamedia
Media Type Code n
338 ## - نوع الحامل أو الناقل
Carrier Type Term مجلد
Carrier Type Code nc
source rdacarrier
490 #0 - بيان السلسلة
عنوان السلسلة المشروع القومى للترجمة ؛
رقم المجلد/ التعيين التسلسلي 518
504 ## - تبصرة ببليوجرافية
تبصرة ببليوجرافية,الخ يشتمل على إرجاعات ببليوجرافية.
546 ## - تبصرة اللغة
تبصرة اللغة النص باللغة الإنجليزية ؛ وقد تم ترجمته إلى العربية.
650 #7 - المدخل الاضافى بالموضوع-مصطلح موضوعى
9 (RLIN) 22063
مصطلح موضوعي أو اسم جغرافي كعنصر مدخل الجيولوجيا.
مصدر الرأس أو المصطلح BUEsh
650 #7 - المدخل الاضافى بالموضوع-مصطلح موضوعى
9 (RLIN) 27837
مصطلح موضوعي أو اسم جغرافي كعنصر مدخل الأرض
التقسيم الفرعي العام علوم.
مصدر الرأس أو المصطلح BUEsh
650 #7 - المدخل الاضافى بالموضوع-مصطلح موضوعى
9 (RLIN) 27838
مصطلح موضوعي أو اسم جغرافي كعنصر مدخل الأرض.
مصدر الرأس أو المصطلح BUEsh
653 ## - مصطلح تكشيفى غير مقيد
Arrived date list November2011
655 ## - مصطلح تكشيفى-نوع/شكل
التقسيم الفرعي الشكلي Reading book
700 1# - المدخل الاضافى - اسم شخصى
9 (RLIN) 15391
الإسم الشخصى محمد، هاشم أحمد،
الدور مترجم،
-- معلق.
700 1# - المدخل الاضافى - اسم شخصى
الإسم الشخصى الشيخ، عبد الرحمن عبد الله،
الدور مراجع،
-- مقدم.
942 ## - عناصر المدخل الإضافي( كوها)
مصدر التصنيف او مخطط الترفيف Dewey Decimal Classification
Koha [default] item type Book - Borrowing
Holdings
حالة التراجع حالة الفقد مصدر التصنيف او خطة الترفيف حالة تلف ليس للاعارة مجموعات كوها المكان الدائم المكان الحالي موقع الترفيف تاريخ الاكتساب Source of acquisition رقم الاستدعاء الباركود Date last seen مُعار نوع الوعاء
    Dewey Decimal Classification     Alef-Baa Central Library Central Library First floor 22/11/2011 Purchase 550 ع ظ ي 000025700 15/07/2025 19/02/2015 Book - Borrowing